[Event "ChInt Open"]
[Site "Paris FRA"]
[Date "2008.07.02"]
[Round "5"]
[White "Moradiabadi,E"]
[Black "Roser,K"]
[Result "1/2-1/2"]
[WhiteElo "2499"]
[BlackElo "2409"]

1.d4 Nf6 2.Bg5 e6 3.Nd2 c5 4.e3 cxd4 5.exd4 Be7 6.Ngf3 b6 7.Bd3 Bb7 8.O-O h6
9.Bxf6 Bxf6 10.Qe2 d6 11.Rfe1 O-O 12.Ne4 Be7 13.c3 Nd7 14.Bc2 Nf6 15.Nxf6+ Bxf6
16.Qd3 g6 17.Rxe6 Bxf3 18.gxf3 Bxd4 19.Rxg6+ fxg6 20.Qxg6+ Bg7 21.Qh7+ Kf7
22.Qg6+ Kg8 23.Qh7+ Kf7 24.Bg6+ Ke6 25.Qxg7 Qg5+ 26.Kf1 d5 27.Qc7 Kf6 28.Bc2 Rae8
29.Qd6+ Kg7 30.Rd1 Rd8 31.Qg3  1/2-1/2

[Event "FSGM July"]
[Site "Budapest HUN"]
[Date "2008.07.08"]
[Round "4"]
[White "Duong The Anh"]
[Black "Kjartansson,G"]
[Result "0-1"]
[WhiteElo "2445"]
[BlackElo "2328"]

1.d4 Nf6 2.Bg5 e6 3.e4 h6 4.Bxf6 Qxf6 5.c3 b6 6.g3 c5 7.e5 Qd8 8.Bg2 Nc6
9.Ne2 cxd4 10.Nxd4 Bb7 11.O-O Qc7 12.Re1 Nxd4 13.Bxb7 Qxb7 14.Qxd4 Bc5 15.Qd3 Rd8
16.Nd2 d5 17.Nf3 O-O 18.Rad1 Rd7 19.Qe2 Rfd8 20.b4 Be7 21.Nd4 Rc8 22.Rd3 Rdc7
23.Qb2 Rc4 24.Ree3 b5 25.Rf3 Bd8 26.Qd2 Qa6 27.h4 Bb6 28.Ne2 Re4 29.Rf4 Rxe5
30.Rdf3 Rc7 31.Nc1 Qc8 32.Nb3 Re4 33.Kg2 f5 34.Rd3 Rxf4 35.gxf4 Rc4 36.Rg3 Qc7
37.Rf3 Re4 38.Nc1 Kh7 39.Ne2 Qe7 40.Ng3 Rc4 41.Qe1 Qf6 42.h5 Bc7 43.Qe3 d4
44.cxd4 Rxd4 45.Qa3 Bxf4 46.Qxa7 Bxg3 47.Rxg3 f4 48.Rh3 Qg5+ 49.Kh2 f3 50.Rxf3 Rh4+
51.Rh3 Qf4+ 52.Kg2 Qg4+ 53.Rg3 Qe4+ 54.f3 Qe2+ 55.Qf2 Rh2+ 56.Kxh2 Qxf2+
57.Kh3 Qxa2 58.Rg4 Qf2 59.Rg3 Qe1  0-1

[Event "FSGM July"]
[Site "Budapest HUN"]
[Date "2008.07.10"]
[Round "6"]
[White "Duong The Anh"]
[Black "Fogarasi,T"]
[Result "1/2-1/2"]
[WhiteElo "2445"]
[BlackElo "2429"]

1.d4 Nf6 2.Bg5 e6 3.e4 h6 4.Bxf6 Qxf6 5.c3 b6 6.g3 Bb7 7.Bg2 Qd8 8.Ne2 d6
9.O-O Nd7 10.Nd2 Be7 11.a4 a6 12.Nc4 O-O 13.Qc2 c5 14.Rfd1 cxd4 15.Nxd4 Qc7
16.Ne3 Rfe8 17.Re1 Rac8 18.Rad1 Qb8 19.Ng4 Nf6 20.Nxf6+ Bxf6 21.Qd3 Qc7 22.Nc2 Red8
23.Ne3 Qc5 24.Qe2 Rb8 25.h4 h5 26.Rd2 g6 27.Red1 Rbc8 28.Nc2 Be7 29.Rd4 Bf6
30.R4d2 Be7 31.Rd4 Bf6 32.R4d2 Be7  1/2-1/2

[Event "Aegean Open"]
[Site "Aghios Kirykos GRE"]
[Date "2008.07.12"]
[Round "1"]
[White "Nikolov,Mo"]
[Black "Masouros,P"]
[Result "1-0"]
[WhiteElo "2500"]
[BlackElo "1932"]

1.d4 Nf6 2.Bg5 e6 3.e4 Be7 4.Bd3 c5 5.dxc5 Qa5+ 6.Qd2 Qxc5 7.Nf3 d6 8.c4 Nc6
9.Nc3 a6 10.Rc1 Bd7 11.O-O Ne5 12.Nxe5 Qxe5 13.Bb1 Ng4 14.Bf4 Bg5 15.g3 Bxf4
16.gxf4 Qh5 17.f3 Qc5+ 18.Kh1 Ne3 19.Rg1 Nxc4 20.Qe2 Rc8 21.Rxg7 Qb4 22.Rg2 Nb6
23.a3 Qa5 24.Rg5 Rc5 25.Rcg1 Na4 26.Nd5 exd5 27.b4 Nc3 28.Qf2 Qb5 29.bxc5 Nxb1
30.cxd6 f6 31.Rg7 Qd3 32.Re7+  1-0

[Event "Inautomarket Open"]
[Site "Minsk BLR"]
[Date "2008.07.12"]
[Round "3"]
[White "Pankov,Ger"]
[Black "Novikov,St1"]
[Result "1/2-1/2"]
[WhiteElo "2358"]
[BlackElo "2535"]

1.d4 Nf6 2.Bg5 e6 3.Nf3 h6 4.Bh4 c5 5.e3 Nc6 6.c3 d5 7.Nbd2 Be7 8.Bd3 b6
9.Ne5 Nxe5 10.dxe5 Nd7 11.Bxe7 Qxe7 12.f4 Bb7 13.Qe2 O-O-O 14.Ba6 f6 15.Bxb7+ Kxb7
16.exf6 gxf6 17.e4 Rhe8 18.O-O f5 19.e5 Nb8 20.c4 Nc6 21.cxd5 exd5 22.Nf3 Qe6
23.a3 d4 24.Rac1 d3 25.Qe3 Rd7 26.Nd2 Red8 27.b4 cxb4 28.axb4 Nxb4 29.Rc4 Nc2
30.Qh3 b5 31.Rc3 b4 32.Rc4 a5 33.Kh1 Rd4 34.Qf3+ Qd5 35.Rxd4 Nxd4 36.Qxd3 Nc6
37.Qxd5 Rxd5 38.Nc4 a4 39.g4 fxg4 40.Re1 Rd4 41.Nd6+ Rxd6 42.exd6 a3 43.Ra1 Kb6
44.f5 Kb5 45.f6 Nd8 46.Kg2 Ka4 47.d7 Kb5 48.f7 Nxf7 49.Rf1 Nd8 50.Rf8 Nc6
51.Rb8+  1/2-1/2

[Event "Inautomarket Open"]
[Site "Minsk BLR"]
[Date "2008.07.15"]
[Round "6"]
[White "Andreikin,D"]
[Black "Kalegin,E"]
[Result "1-0"]
[WhiteElo "2604"]
[BlackElo "2495"]

1.d4 Nf6 2.Bg5 e6 3.c3 h6 4.Bh4 b6 5.Nd2 Bb7 6.f3 d5 7.e4 dxe4 8.fxe4 g5
9.Bg3 Nxe4 10.Nxe4 Bxe4 11.Nf3 Nd7 12.Bc4 Bd6 13.Qe2 Bxf3 14.Qxf3 O-O 15.O-O-O Qf6
16.Qc6 Qe7 17.Rdf1 Kg7 18.Qe4 Rae8 19.Be5+ Bxe5 20.dxe5 f5 21.exf6+ Nxf6
22.Qe2 Qd6 23.h4 g4 24.h5 e5 25.Rf5 e4 26.Rd1 Qg3 27.Kb1 Re5 28.Qf1 Re7 29.a3 c6
30.Rf4 e3 31.Rdd4 e2 32.Bxe2 Qe3 33.Rxf6 Rxf6 34.Rxg4+ Kf7 35.Bc4+ Re6 36.Qd1 Ke7
37.Rg7+ Rf7 38.Rxf7+ Kxf7 39.Qg4 Ke7 40.Bxe6 Qxe6 41.Qg7+ Kd6 42.Qd4+ Kc7
43.Qf4+ Kd7 44.g4 Qe1+ 45.Kc2 Qh1 46.Qf7+ Kd6 47.Qf6+ Kd5 48.Qf5+ Kd6 49.Qd3+ Ke6
50.Qe3+ Kf7 51.Qf4+ Kg7 52.Qe5+ Kf7 53.Qf5+ Ke7 54.Qh7+ Ke8 55.Qg8+ Ke7 56.Qg7+ Ke8
57.Qxh6 Qe4+ 58.Kd2 Qg2+ 59.Kd3 Qf1+ 60.Ke4 Qg2+ 61.Kf5 Qd5+ 62.Kg6 Qf7+
63.Kg5 Qd5+ 64.Kh4 Qh1+ 65.Kg3 Qg1+ 66.Kf3 Qf1+ 67.Ke4 Qg2+ 68.Ke3 Qg3+ 69.Kd2 Qg2+
70.Kd3 Qf1+ 71.Kc2 Qg2+ 72.Qd2 Qxg4 73.Qe1+ Kf8 74.Qh1 Qf5+ 75.Kc1 Qg5+ 76.Kb1 Qf5+
77.Ka1 Qf6 78.Qg1 Qf4 79.Qh1 Qf6 80.Qg2 Kf7 81.a4 Qh6 82.Qg4 Qd6 83.Qc4+ Kg7
84.Qd4+ Qxd4 85.cxd4 Kh6 86.Ka2 Kxh5 87.Kb3 Kg4 88.Kc4 Kf5 89.d5 a6 90.dxc6 Ke6
91.b4 Kd6 92.b5 axb5+ 93.axb5  1-0

[Event "Heart of Finland"]
[Site "Jyvaskyla FIN"]
[Date "2008.07.17"]
[Round "8"]
[White "Mertanen,J"]
[Black "Solozhenkin,E"]
[Result "1/2-1/2"]
[WhiteElo "2310"]
[BlackElo "2511"]

1.d4 Nf6 2.Bg5 e6 3.e4 h6 4.Bxf6 Qxf6 5.Nc3 d6 6.Qd2 Bd7 7.O-O-O g5 8.g3 g4
9.Kb1 Bg7 10.Bg2 Nc6 11.Nb5 Qd8 12.c3 a6 13.Na3 Qe7 14.h3 h5 15.Nc4 O-O-O
16.Ne3 Qg5 17.Ne2 e5 18.Nf5 Qf6 19.Nxg7 Qxg7 20.Ka1 Qf6 21.Qe3 Ne7 22.dxe5 dxe5
23.h4 b6 24.Nc1 Bb5 25.b3 Rd6 26.Kb2 Rhd8 27.Kc2 Qg6 28.Rhe1 f5 29.Rxd6 Qxd6
30.exf5 Nxf5 31.Qg5 Kb8 32.Be4 Ne7 33.Qe3 a5 34.Nd3 Qa3 35.Nc1 Qd6 36.Nd3 Bxd3+
37.Qxd3 Rf8 38.Re2 Rf6 39.Qa6 Nd5 40.Rd2 c6 41.Qd3  1/2-1/2

[Event "Heart of Finland"]
[Site "Jyvaskyla FIN"]
[Date "2008.07.17"]
[Round "8"]
[White "Karttunen,M"]
[Black "Agopov,M"]
[Result "0-1"]
[WhiteElo "2418"]
[BlackElo "2436"]

1.d4 Nf6 2.Bg5 e6 3.e4 h6 4.Bxf6 Qxf6 5.e5 Qd8 6.f4 d5 7.Nf3 c5 8.c3 Qb6
9.Qb3 Nc6 10.Qxb6 axb6 11.Na3 Be7 12.Nc2 Bd7 13.Bd3 O-O 14.Kd2 f6 15.Rhf1 g5
16.exf6 Bxf6 17.g3 Bg7 18.Ne5 Be8 19.Ke3 gxf4+ 20.gxf4 Nxe5 21.fxe5 c4 22.Rxf8+ Bxf8
23.Bf1 Bg6 24.Bh3 Kf7 25.Rf1+ Ke8 26.Kd2 Be7 27.Bxe6 Bg5+ 28.Kd1 Rxa2 29.Nb4 Rxb2
30.Rf5 Bxf5 31.Bxf5 Rd2+ 32.Ke1 Rxh2 33.Nxd5 Rb2 34.Kf1 Kd8 35.Kg1 h5 36.Bg6 h4
37.Bf5 b5 38.Kh1 Rf2 39.Bg4 Ra2 40.Bf5 Rf2 41.Bg4 Rd2 42.Bf5 Be7 43.Nb6 b4
44.Nxc4 Rd1+ 45.Kg2 bxc3 46.Kh3 Rxd4 47.Na5 Kc7 48.Nb3 Rd5  0-1

[Event "19th Czech Chladek & Tintera A Open"]
[Site "Pardubice CZE"]
[Date "2008.07.18"]
[Round "1"]
[White "Richter,Mic"]
[Black "De Verdier,M"]
[Result "0-1"]
[WhiteElo "2422"]
[BlackElo "2222"]

1.d4 Nf6 2.Bg5 e6 3.e4 h6 4.Bxf6 Qxf6 5.Nc3 Bb4 6.a3 Bxc3+ 7.bxc3 e5 8.Qf3 d6
9.Qxf6 gxf6 10.Bd3 Nc6 11.Ne2 h5 12.O-O Bg4 13.f3 Bd7 14.Rab1 b6 15.f4 Rh6
16.Rf2 Ke7 17.Rbf1 Rg8 18.a4 h4 19.Bb5 Rg7 20.Rd1 Rhg6 21.Kh1 a5 22.g3 Rh6
23.gxh4 Rxh4 24.Rdf1 Nd8 25.Rg1 Bxb5 26.axb5 Ne6 27.fxe5 Rxg1+ 28.Kxg1 fxe5
29.Ng3 Rf4 30.Re2 Rf3 31.Nf5+ Kf6 32.Rf2 Rxf2 33.Kxf2 a4 34.dxe5+ Kxe5 35.Ne3 Kxe4
36.Nc4 d5 37.Na3 Kf4 38.Ke2 Kg4 39.Kd3 f5 40.c4 dxc4+ 41.Nxc4 f4 42.Ne5+ Kh3
43.Nf3 a3 44.Kc3 Nc5  0-1

[Event "ZMD Open"]
[Site "Dresden GER"]
[Date "2008.07.20"]
[Round "2"]
[White "Yemelin,V"]
[Black "Hagenauer,J"]
[Result "1-0"]
[WhiteElo "2579"]
[BlackElo "1966"]

1.d4 Nf6 2.Bg5 e6 3.Nd2 d5 4.e3 Nbd7 5.Bd3 Be7 6.f4 c5 7.c3 h6 8.Bxf6 Nxf6
9.Ngf3 Qb6 10.Rb1 Bd7 11.Ne5 Qc7 12.O-O Bd6 13.Qf3 Bc6 14.Kh1 c4 15.Bc2 O-O
16.g4 Nh7 17.Qh3 f6 18.Nxc6 bxc6 19.g5 f5 20.gxh6 g6 21.Rg1 Rf6 22.b3 cxb3
23.Rxb3 Rb8 24.c4 c5 25.cxd5 exd5 26.Bxf5 Nf8 27.Rxb8 Qxb8 28.Nf3 Kh7 29.Rb1 Qc7
30.Bd3 c4 31.Bc2 Kh8 32.Qh4 Be7 33.Ne5 Rb6 34.Qg4 Kh7 35.Rg1 Qd6 36.f5 Kxh6
37.Nf7+  1-0

[Event "Politiken Cup"]
[Site "Helsingor DEN"]
[Date "2008.07.20"]
[Round "3"]
[White "Den Heeten,D"]
[Black "Berg,E"]
[Result "0-1"]
[WhiteElo "2278"]
[BlackElo "2592"]

1.d4 Nf6 2.Bg5 e6 3.Nd2 h6 4.Bh4 c5 5.e3 Be7 6.Bd3 b6 7.Ngf3 Bb7 8.O-O d6
9.c3 Nbd7 10.Qe2 a6 11.Rfd1 g5 12.Bg3 Nh5 13.e4 Nxg3 14.hxg3 h5 15.d5 g4
16.Nh2 b5 17.c4 b4 18.Bc2 Bf6 19.Ba4 Bxb2 20.Nb3 Bxa1 21.dxe6 Ke7 22.exd7 Be5
23.f4 gxf3 24.Nxf3 Qb6 25.Qe3 Rag8 26.Nxe5 dxe5 27.Qxc5+ Qxc5+ 28.Nxc5 Ba8
29.Nxa6 Rxg3 30.Nxb4 Bxe4 31.Nd5+ Bxd5 32.Rxd5 f6 33.c5 Ra3 34.c6 Rxa4 35.c7 Raa8
36.Rd3 Rhd8 37.cxd8=R Rxd8 38.Rh3 Rh8 39.Rf3 Rd8 40.Rh3 Kxd7 41.Rxh5 Ra8
42.Rf5 Ke6 43.Rf2 f5 44.Rb2 Ra3 45.Kf2 f4 46.Rd2 Kf5 47.Re2 e4 48.Rc2 Kg4
49.Rb2 Ra8 50.Rc2 Ra7 51.Rb2 Ra6 52.Rc2 Ra5 53.Rb2 Ra4 54.Rc2 Ra3 55.Rb2 Ra4
56.Rc2 Ra5 57.Rb2 Ra6 58.Rc2 Ra7 59.Rb2 Ra8 60.Rc2 e3+ 61.Kf1 Rb8 62.Rc7 Rb1+
63.Ke2 Rb2+ 64.Kf1 Rb1+ 65.Ke2 Rb2+ 66.Kf1 Rf2+ 67.Kg1 f3 68.Rg7+ Kf4 69.a4 Rd2
70.Rf7+ Kg5 71.Rxf3 Rd1+ 72.Kh2 e2 73.a5 e1=Q 74.a6 Qh1+ 75.Kg3 Qh4+  0-1

[Event "19th Czech Jihlavanka B Open"]
[Site "Pardubice CZE"]
[Date "2008.07.20"]
[Round "3"]
[White "Lindborg,Pe"]
[Black "Korsus,B"]
[Result "0-1"]
[WhiteElo "2125"]
[BlackElo "2263"]

1.d4 Nf6 2.Bg5 e6 3.e4 h6 4.Bxf6 Qxf6 5.c3 d6 6.Bd3 e5 7.Ne2 Nc6 8.O-O g5
9.Na3 a6 10.Nc2 h5 11.b4 h4 12.Ne3 Ne7 13.Qc2 c6 14.dxe5 dxe5 15.a4 g4 16.Rad1 Bh6
17.Nc1 g3 18.h3 Rg8 19.Qe2 gxf2+ 20.Rxf2 Bf4 21.Rf3 Qg5 22.Bc4 Bxe3+ 23.Rxe3 Ng6
24.Nd3 Be6 25.Bxe6 fxe6 26.Ne1 Nf4 27.Qd2 Kf7 28.Qf2 Ke7 29.Kh2 Rg7 30.Rd2 Rag8
31.a5 Qh6 32.Rf3 Rg3 33.Qc5+ Kf6 34.Nd3 Qg5 35.Nxf4 Rxf3 36.Nh5+ Qxh5 37.gxf3 Qg5
38.Qf2 Qf4+ 39.Kh1 Rg3 40.Rd3 Rxh3+ 41.Kg1 Qc1+  0-1

[Event "Politiken Cup"]
[Site "Helsingor DEN"]
[Date "2008.07.21"]
[Round "4"]
[White "Noer,M"]
[Black "Jessen,E"]
[Result "1-0"]
[WhiteElo "2000"]
[BlackElo "1810"]

1.d4 Nf6 2.Bg5 e6 3.e3 Be7 4.Bd3 h6 5.Bh4 d5 6.Nf3 Nc6 7.O-O Ne4 8.Bxe7 Qxe7
9.c4 O-O 10.Nc3 Nxc3 11.bxc3 dxc4 12.Bxc4 e5 13.Qc2 Kh8 14.d5 Nd8 15.Qe4 f5
16.Qxe5 Qxe5 17.Nxe5 Kh7 18.Bd3 g6 19.Rab1 Nf7 20.Nxf7 Rxf7 21.c4 b6 22.e4 fxe4
23.Bxe4 Bf5 24.Rfe1 Bxe4 25.Rxe4 Raf8 26.f3 Rd8 27.Rbe1 Kg7 28.a4 a5 29.Re6 Rdd7
30.Kf2 Rf4 31.R1e4 Rff7 32.Ke3 Kf8 33.Rxg6  1-0

[Event "83rd ch-ARG s/f"]
[Site "Buenos Aires ARG"]
[Date "2008.07.22"]
[Round "2"]
[White "Palmero,P"]
[Black "Duarte,Le"]
[Result "0-1"]
[WhiteElo "2144"]
[BlackElo "2341"]

1.d4 Nf6 2.Bg5 e6 3.e4 h6 4.Bxf6 Qxf6 5.Nc3 Bb4 6.Qd2 c5 7.a3 Bxc3 8.bxc3 b6
9.f4 g5 10.Bb5 Ba6 11.Rb1 Bxb5 12.Rxb5 d6 13.fxg5 hxg5 14.Qf2 Qg6 15.Ne2 Qxe4
16.O-O Rh7 17.Ng3 Qc6 18.Qf3 Qxf3 19.Rxf3 Ke7 20.d5 Nd7 21.dxe6 fxe6 22.a4 Rh4
23.Re3 Rf8 24.Ne4 Rf5 25.g3 Rh8 26.a5 Re5 27.axb6 axb6 28.c4 Nf6  0-1

[Event "Dutch Open"]
[Site "Dieren NED"]
[Date "2008.07.22"]
[Round "1"]
[White "Wilgenhof,O"]
[Black "Boulahfa,H"]
[Result "1-0"]
[WhiteElo "2218"]
[BlackElo "1985"]

1.d4 Nf6 2.Bg5 e6 3.e4 h6 4.Bxf6 Qxf6 5.Qd2 d6 6.Nc3 g5 7.O-O-O Bg7 8.g3 Nc6
9.Bb5 Bd7 10.Nge2 O-O-O 11.f4 gxf4 12.gxf4 e5 13.Nd5 Qe6 14.f5 Qe8 15.Rhg1 Rh7
16.f6 Bh8 17.Bxc6 Bxc6 18.Ne7+ Kb8 19.Rg8 Qf8  1-0

[Event "Politiken Cup"]
[Site "Helsingor DEN"]
[Date "2008.07.22"]
[Round "5"]
[White "Hvenekilde,J"]
[Black "Guttulsrud,O"]
[Result "1/2-1/2"]
[WhiteElo "2179"]
[BlackElo "1976"]

1.d4 Nf6 2.Bg5 e6 3.e4 h6 4.Bxf6 Qxf6 5.e5 Qe7 6.Nf3 d6 7.Nc3 dxe5 8.dxe5 Qb4
9.Qd2 Be7 10.Bd3 Qa5 11.O-O Bb4 12.Rfe1 Bxc3 13.bxc3 Nd7 14.Re4 b6 15.Rd4  1/2-1/2

[Event "19th Czech Chladek & Tintera A Open"]
[Site "Pardubice CZE"]
[Date "2008.07.22"]
[Round "5"]
[White "Chernyshov,K"]
[Black "Paichadze,L"]
[Result "1-0"]
[WhiteElo "2565"]
[BlackElo "2426"]

1.d4 Nf6 2.Bg5 e6 3.e4 h6 4.Bxf6 Qxf6 5.Nf3 c5 6.c3 b6 7.Bd3 Nc6 8.e5 Qd8
9.O-O Bb7 10.dxc5 Bxc5 11.Nbd2 d5 12.Nb3 O-O 13.Nbd4 Rc8 14.Rc1 Qd7 15.Re1 Nxd4
16.cxd4 Bb4 17.Re2 Rxc1 18.Qxc1 Rc8 19.Rc2 Rxc2 20.Qxc2 Qc6 21.Qd1 Qc8 22.Qf1 Qc6
23.h4 Be7 24.Kh2 Qc7 25.g3 b5 26.Bxb5 Qc2 27.Qe2 Qe4 28.Bd3 Qg4 29.Kg2 g5
30.hxg5 h5 31.Qe3 Kg7 32.Qf4 a5 33.Bb5 Kf8 34.a3 Bd8 35.Bd3 Kg7 36.b3 Be7
37.a4 Bd8 38.Bb5 Kf8 39.Qxg4 hxg4 40.Nh2 Bb6 41.Nxg4 Bxd4 42.f4 Bc3 43.Kf2 d4
44.Nf6 Ba8 45.Ke2 Bb2 46.Bd3 Bb7 47.g6 fxg6 48.Bxg6 Ke7 49.Be4 Ba6+ 50.Bd3 Bb7
51.Bc4 Bg2 52.Ng4 Bc1 53.Nf2 Bc6 54.Nd3 Ba3 55.g4 Be4 56.Nf2 Bg6 57.Bd3 Bf7
58.Kf3 Bb4 59.Ne4 Bg6 60.Nf2 Bf7 61.Ke2 Ba3 62.Ne4 Bc1 63.Kf3 Bg6 64.Nc5 Bf7
65.Nb7 Bd2 66.Nd6 Bg8 67.g5 Kf8 68.g6 Bb4 69.Kg4 Ke7 70.Kg5 Bd2 71.Ne4 Be3
72.Bb5 Bc1 73.Nf2  1-0

[Event "83rd ch-ARG s/f"]
[Site "Buenos Aires ARG"]
[Date "2008.07.23"]
[Round "3"]
[White "Mahia,G"]
[Black "Pacheco,Jua"]
[Result "1-0"]
[WhiteElo "2441"]
[BlackElo "2091"]

1.d4 Nf6 2.Bg5 e6 3.Nf3 Be7 4.Nbd2 b6 5.e4 Bb7 6.Bd3 d6 7.O-O Nbd7 8.Re1 c5
9.c3 Qc7 10.Qe2 e5 11.dxe5 dxe5 12.Bb5 Bc6 13.Bxc6 Qxc6 14.Nc4 Qc7 15.Bh4 b5
16.Ne3 c4 17.a4 Nc5 18.Bxf6 Bxf6 19.axb5 Nd3 20.Red1 Rd8 21.Nd5 Rxd5 22.exd5 O-O
23.Rxd3 cxd3 24.Qxd3 Rd8 25.Re1 g6 26.c4 Bg7 27.b4 f5 28.Ng5 Qd6 29.Qh3 h6
30.Ne6 Qxb4 31.Qe3 Re8 32.Rc1 Qa5 33.c5 f4 34.Nxf4  1-0

[Event "41st Festival MTO"]
[Site "Biel SUI"]
[Date "2008.07.24"]
[Round "4"]
[White "Hoffmeyer,F"]
[Black "Cebalo,M"]
[Result "0-1"]
[WhiteElo "2282"]
[BlackElo "2523"]

1.d4 Nf6 2.Bg5 e6 3.e4 h6 4.Bxf6 Qxf6 5.Nc3 Bb4 6.Qd3 Nc6 7.Nf3 O-O 8.a3 Ba5
9.Be2 Qg6 10.b4 Bb6 11.O-O d6 12.Na4 e5 13.Nxb6 axb6 14.dxe5 Nxe5 15.Nxe5 dxe5
16.Qc3 Re8 17.Rfe1 c6 18.Bf1 b5 19.Re3 f6 20.Qc5 Be6 21.Qb6 Qf7 22.Rd1 Ra6
23.Qc5 Rea8 24.Ra1 Qf8 25.Qc3 Ra4 26.h3 c5 27.Bxb5 cxb4 28.Qd2 Rxa3 29.Rb1 Ra2
30.Qd1 Qc5 31.Bd3 Qd4 32.Qh5 Ra1 33.Rxa1 Rxa1+ 34.Kh2 Qd7 35.Rg3 Kh8 36.Be2 Bf7
37.Qh4 Ra3 38.Bg4 Qd4 39.Bf3 Qxf2 40.Qg4 g5 41.h4 Qd2 42.hxg5 fxg5 43.Qc8+ Kg7
44.Qxb7 Qf4 45.Qxb4 Re3 46.Qe7 Rc3 47.Qd7 h5 48.Qe7 Kh6 49.Qd8 Bg6 50.Qh8+ Bh7
51.Qe8 Rxf3  0-1

[Event "19th Czech Chladek & Tintera A Open"]
[Site "Pardubice CZE"]
[Date "2008.07.24"]
[Round "7"]
[White "Kireev,Al"]
[Black "Samojlov,A"]
[Result "1/2-1/2"]
[WhiteElo "2387"]
[BlackElo "2258"]

1.d4 Nf6 2.Bg5 e6 3.e3 h6 4.Bh4 b6 5.Nd2 Bb7 6.Ngf3 Be7 7.Bd3 c5 8.c3 Nh5
9.Bxe7 Qxe7 10.Qe2 cxd4 11.cxd4 Nc6 12.a3 Nf6 13.Rc1 O-O 14.O-O Rfc8 15.Rc2 Rc7
16.Rfc1 Rac8 17.h3 d6 18.Ba6 Nd8 19.Rxc7 Rxc7 20.Rxc7 Qxc7 21.Qc4 Qxc4 22.Bxc4 Kf8
23.Kf1  1/2-1/2

[Event "Politiken Cup"]
[Site "Helsingor DEN"]
[Date "2008.07.25"]
[Round "8"]
[White "Noer,M"]
[Black "Van der Linde,Ma"]
[Result "0-1"]
[WhiteElo "2000"]
[BlackElo "2205"]

1.d4 Nf6 2.Bg5 e6 3.e3 h6 4.Bh4 Be7 5.Bd3 c5 6.c3 b6 7.Nf3 Bb7 8.Nbd2 O-O
9.O-O cxd4 10.exd4 Nh5 11.Bxe7 Qxe7 12.Re1 Nf4 13.Be4 Bxe4 14.Nxe4 d5 15.Ng3 Ng6
16.Ne5 Nxe5 17.Rxe5 Nd7 18.Re3 Rfc8 19.Qf3 Qf8 20.Nh5 Rc4 21.Qg4 Kh7 22.Rae1 Rac8
23.Rg3 g6 24.Nf4 Nf6 25.Nxe6 Qh8 26.Ng5+ hxg5 27.Qxg5 Qg7 28.Rf3 R4c6 29.Re7 a5
30.Qe5 Kg8 31.g4 g5 32.Rf5 Nxg4 33.Qxd5 Nh6 34.Rxg5 Rg6 35.Re5 Kh7 36.Qe4 f5
37.Rxg6 Qxg6+ 38.Qg2 Qf7 39.Kf1 Rg8 40.Qc6 Rg6 41.Qc8 Rg7 42.Re8 Rg8 43.Rxg8 Nxg8
44.Qc6 f4 45.Qf3 Ne7 46.Ke2 Ng6 47.Qh5+ Kg7 48.b3 Qe6+ 49.Kd3 Qe1 50.Qf3 Qb1+
51.Kc4 Qxa2 52.Qb7+ Kh6 53.Qf3 a4 54.Qh3+ Kg5 55.Qg2+ Kh5 56.Qf3+ Kh4 57.h3 Qxb3+
58.Kd3 Qb5+ 59.Kd2 Qf5 60.c4 Qxh3 61.Qb7 Qf1 62.Qh7+ Kg5 63.Qh2 Qxc4 64.Qg2+ Kf6
65.Qe4 a3 66.Qe8 Qxd4+ 67.Kc2 a2 68.Qc6+ Kf5 69.Qc8+ Kg5 70.f3 Qc5+  0-1

[Event "III Open"]
[Site "Oviedo ESP"]
[Date "2008.07.29"]
[Round "7"]
[White "Vigil Alvarez,L"]
[Black "Lobo Rodriguez,J"]
[Result "1-0"]
[WhiteElo "2291"]
[BlackElo "2171"]

1.d4 Nf6 2.Bg5 e6 3.Nd2 c5 4.e3 Be7 5.Ngf3 b6 6.Bd3 Ba6 7.Bxa6 Nxa6 8.O-O cxd4
9.exd4 O-O 10.Re1 Nc7 11.Ne5 Nfd5 12.Bxe7 Nxe7 13.a4 d6 14.Nec4 Nc6 15.Nf1 Nd5
16.Ra3 Rc8 17.Rh3 Nf4 18.Rg3 Ne7 19.Nfe3 Neg6 20.Na3 h5 21.Kh1 h4 22.Rf3 Qg5
23.Nb5 Rcd8 24.Nc3 d5 25.Ne2 e5 26.Nxf4 exf4 27.Nf1 Rfe8 28.h3 Re4 29.Nh2 Rde8
30.Rf1 f5 31.Rd3 Nf8 32.Nf3 Qf6 33.b3 g5 34.c4 g4 35.Ne5 Ne6 36.hxg4 dxc4
37.bxc4 Nxd4 38.Rxd4 Qxe5 39.Rd5 Qc3 40.gxf5 Re2 41.Rd8 Qxc4 42.Qd7 Re7  1-0

[Event "8th United Insurance"]
[Site "Dhaka BAN"]
[Date "2008.07.30"]
[Round "1"]
[White "Dutta,J"]
[Black "Shresta,B"]
[Result "1-0"]
[WhiteElo "2253"]
[BlackElo "2106"]

1.d4 Nf6 2.Bg5 e6 3.e4 Be7 4.Bxf6 Bxf6 5.Nf3 d5 6.Nc3 a6 7.Qd2 b5 8.Bd3 Bb7
9.exd5 Bxd5 10.Nxd5 Qxd5 11.Qe2 Qd6 12.O-O O-O 13.Qe4 g6 14.Qxa8 Bxd4 15.Nxd4 Qxd4
16.Qe4 Qxb2 17.a4 Nd7 18.axb5 axb5 19.Rfb1 Qc3 20.Bxb5  1-0

[Event "17th Open"]
[Site "Kavala GRE"]
[Date "2008.07.31"]
[Round "1"]
[White "Gogolis,A"]
[Black "Gelashvili,T"]
[Result "0-1"]
[WhiteElo "2283"]
[BlackElo "2612"]

1.d4 Nf6 2.Bg5 e6 3.e4 h6 4.Bxf6 Qxf6 5.c3 e5 6.Nf3 d6 7.Be2 g6 8.O-O Bg7
9.dxe5 dxe5 10.Na3 O-O 11.Nc4 Nd7 12.b4 Qe7 13.Re1 Nb6 14.Nfd2 Be6 15.Qc2 Nd7
16.Ne3 c6 17.Bc4 Nf6 18.Bxe6 Qxe6 19.Ndc4 Rad8 20.Rad1 h5 21.Rd3 Bh6 22.a4 b5
23.axb5 cxb5 24.Na5 Bxe3 25.Rexe3 Qb6 26.h3 Rxd3 27.Qxd3 Rd8 28.Qc2 Qd6 29.Re1 h4
30.Qc1 Rc8 31.Nb7 Qe7 32.Nc5 Nh5 33.Rd1 Nf4 34.Qe3 a5 35.Ra1 a4 36.Kh2 Ne6
37.c4 Nxc5 38.bxc5 bxc4 39.Rxa4 Qxc5 40.Qxc5 Rxc5 41.Ra2 c3 42.Rc2 Rc4 43.Kg1 Kg7
44.Kf1 Kf6 45.Ke2 Rxe4+ 46.Kd3 Re1 47.Rxc3 Rg1  0-1

[Event "FSGM August"]
[Site "Budapest HUN"]
[Date "2008.08.02"]
[Round "1"]
[White "Duong The Anh"]
[Black "Dinger,F"]
[Result "1-0"]
[WhiteElo "2445"]
[BlackElo "2333"]

1.d4 Nf6 2.Bg5 e6 3.Nd2 h6 4.Bh4 d5 5.e3 c5 6.Ngf3 Nc6 7.c3 Be7 8.Bd3 b6
9.O-O Bb7 10.Qe2 O-O 11.Rad1 Ne4 12.Bxe7 Nxe7 13.Ne5 f6 14.Nef3 c4 15.Bc2 b5
16.Nxe4 dxe4 17.Nd2 f5 18.f3 exf3 19.Nxf3 Ng6 20.e4 f4 21.Qf2 Qc7 22.h4 Ne7
23.Ne5 Rf6 24.h5 Bc6 25.Qh4 Raf8 26.Rf2 Be8 27.Rdf1 Nc8 28.Qg4 Qe7 29.Nf3 g5
30.e5 R6f7 31.Nh4 Rg7 32.Ng6 Bxg6 33.hxg6 Nb6 34.Qh5 Nd5 35.Qxh6 Ne3 36.Rf3 g4
37.Rxe3 fxe3 38.Rxf8+ Qxf8 39.Qxe3 b4 40.Be4 bxc3 41.bxc3 Qd8 42.Qf4 Qh4
43.g3 Qd8 44.Qxg4 Re7 45.Qf3 Qc7 46.Qf6  1-0

[Event "17th Open"]
[Site "Kavala GRE"]
[Date "2008.08.02"]
[Round "4"]
[White "Sedlak,N"]
[Black "Grigorov,G"]
[Result "0-1"]
[WhiteElo "2576"]
[BlackElo "2465"]

1.d4 Nf6 2.Bg5 e6 3.e3 h6 4.Bxf6 Qxf6 5.f4 d6 6.Nf3 Nc6 7.Nbd2 e5 8.fxe5 dxe5
9.Bc4 exd4 10.O-O Bf5 11.exd4 O-O-O 12.c3 Bd6 13.Kh1 Rhe8 14.Bb5 Bf4 15.Qa4 a6
16.Bxa6 bxa6 17.d5 Bd3 18.dxc6 Bb5 19.Qb3 Re2 20.a4 Bxc6  0-1

[Event "17th Open"]
[Site "Kavala GRE"]
[Date "2008.08.02"]
[Round "4"]
[White "Boskovic,D"]
[Black "Perunovic,Mil"]
[Result "1/2-1/2"]
[WhiteElo "2455"]
[BlackElo "2589"]

1.d4 Nf6 2.Bg5 e6 3.e3 h6 4.Bxf6 Qxf6 5.f4 g5 6.Nh3 c5 7.c3 gxf4 8.Nxf4 Rg8
9.Qf3 Nc6 10.Bc4 d5 11.Bb5 Bd7 12.O-O O-O-O 13.Nd3 Qg5 14.Nd2 Bd6 15.Qe2 c4
16.Nf4 Kb8 17.Bxc6 Bxc6 18.Rf2 Rde8 19.Raf1 f6 20.Nf3 Qf5 21.Nd2 Qg5 22.Nf3 Qg7
23.Nh5 Qe7 24.Nh4 f5 25.Nf3 Rg4 26.Ne5 Rg5 27.Nxc6+ bxc6 28.b3 cxb3 29.axb3 e5
30.Rxf5 exd4 31.cxd4 Qxe3+ 32.Qxe3 Rxe3 33.Rxg5 hxg5 34.Rf6 Bb4 35.Rxc6 Bc3
36.Rd6 Bxd4 37.Kf1 Re5 38.Ng3 Kc7 39.Rg6 a5 40.Ne2 Be3 41.Ng3 d4 42.Ke2 Rb5
43.Nf1 Rxb3 44.Nxe3 Rxe3+ 45.Kd2 Re5 46.Kd3 Rd5 47.g3 Kb7 48.h4 gxh4 49.gxh4 a4
50.h5 a3 51.h6 a2 52.Rg1 Rh5 53.Ke4  1/2-1/2

[Event "12th HZ Open"]
[Site "Vlissingen NED"]
[Date "2008.08.03"]
[Round "2"]
[White "Provoost,S"]
[Black "Boulahfa,H"]
[Result "1-0"]
[WhiteElo "2213"]
[BlackElo "1985"]

1.d4 Nf6 2.Bg5 e6 3.e4 h6 4.Bxf6 Qxf6 5.Nc3 d6 6.Qd2 g5 7.O-O-O Bg7 8.Bb5+ c6
9.Be2 Qf4 10.Qxf4 gxf4 11.Bg4 O-O 12.Nf3 Nd7 13.Rhe1 a6 14.Bh3 c5 15.Ne2 cxd4
16.Nxf4 e5 17.Nd5 Rd8 18.Nh4 Bf8 19.Rd3 b5 20.Rg3+ Kh8 21.Bxd7 Bxd7 22.Nf5 Rac8
23.Nf6 Bxf5 24.Rg8+  1-0

[Event "FSGM August"]
[Site "Budapest HUN"]
[Date "2008.08.04"]
[Round "3"]
[White "Nguyen Huynh Minh Huy"]
[Black "Dinger,F"]
[Result "1/2-1/2"]
[WhiteElo "2477"]
[BlackElo "2333"]

1.d4 Nf6 2.Bg5 e6 3.e4 h6 4.Bxf6 Qxf6 5.Nf3 d6 6.Nc3 Nd7 7.Qd2 a6 8.O-O-O g6
9.e5 Qd8 10.d5 Nxe5 11.dxe6 Bxe6 12.Nd4 Qd7 13.f4 Nc6 14.Nxe6 fxe6 15.Bd3 Rg8
16.Qe2 O-O-O 17.Rhe1 Re8 18.Nd5 Bg7 19.Ne3 Qf7 20.g3 Bh8 21.c3 Kb8 22.Bc2 h5
23.Ba4 Qd7 24.Nc2 b5 25.Bb3 d5 26.Qe3 Na5 27.Nb4 Kb7 28.Nd3 Qc6 29.Kb1 Ka8
30.Nb4 Qd7 31.Nxa6 Nb7 32.Kc2 Qd6 33.Nb4 c5 34.Nxd5 exd5 35.Qxe8+ Rxe8 36.Rxe8+ Ka7
37.Bxd5 Qf6 38.Rde1 Qf5+ 39.Be4 Qh3 40.Bxb7 Kxb7 41.Rxh8 Qxh2+ 42.Kb3 c4+
43.Ka3 b4+ 44.Kxb4 Qxb2+ 45.Kxc4 Qxa2+ 46.Kd3 Qd5+ 47.Ke3 Qg2 48.Rb1+ Kc7
49.Rhb8 Qxg3+ 50.Ke4 Qxc3 51.R1b7+  1/2-1/2

[Event "95th ch-GBR"]
[Site "Liverpool ENG"]
[Date "2008.08.04"]
[Round "7"]
[White "Pert,R"]
[Black "Berry,S"]
[Result "1-0"]
[WhiteElo "2468"]
[BlackElo "2363"]

1.d4 Nf6 2.Bg5 e6 3.e4 c5 4.d5 d6 5.Nc3 e5 6.Bb5+ Bd7 7.a4 Be7 8.Nf3 O-O
9.h3 Bc8 10.Be3 Nbd7 11.Qe2 Ne8 12.Nd2 g6 13.O-O Ng7 14.f4 Nh5 15.Bxd7 Bxd7
16.fxe5 Ng3 17.Qf3 Nxf1 18.Rxf1 dxe5 19.Bh6 Bg5 20.Bxf8 Qxf8 21.Nc4 Re8 22.Nb5 Bxb5
23.axb5 Qe7 24.Kh1 Rf8 25.b3 h5 26.g3 h4 27.d6 Qd8 28.gxh4 Bxh4 29.Nxe5 Qxd6
30.Nxf7 Qe7 31.Nh6+ Kg7 32.Qxf8+ Qxf8 33.Rxf8 Kxf8 34.c4 Bf2 35.Kg2 Bd4 36.Kf3 Kg7
37.Ng4 a6 38.bxa6 bxa6 39.Kf4 Bc3 40.Ne5 Bd2+ 41.Kg4 Kf6 42.Nd7+ Ke6 43.Nxc5+ Ke5
44.Nxa6 Kxe4 45.b4 Ke5 46.c5 Kd5 47.b5 Be3 48.c6 Kd6 49.Kf3 Bb6 50.Kf4  1-0